| 000 | 01898nam a2200217Ia 4500 | ||
|---|---|---|---|
| 003 | Ost | ||
| 005 | 20260416102402.0 | ||
| 008 | 260416s9999||||xx |||||||||||||| ||und|| | ||
| 040 | _cfsecg | ||
| 041 | _aara | ||
| 082 | _a330.09 | ||
| 100 |
_aأحمين، شفير _eمؤلف |
||
| 245 | 0 |
_aتاريخ الفكر والوقائع الاقتصادية / _c شفير أحمين |
|
| 260 |
_aالجزائر _bجامعة الجزائر3: كلية العلوم الإقتصادية، العلوم التجارية وعلوم التسيير _c2016 |
||
| 504 | _aببليوغرافيا: ص. ص. 181-185 | ||
| 520 | _a1-الأفكار الاقتصادية في المرحلة ما قبل الرأسمالية )قبل 1500 م(: فترة ما قبل التاريخ La Préhistoire ، الأفكار الاقتصادية في العصور القديمة L’antiquité، فترة القرون الوسطى Le moyen âge، الأفكار الاقتصادية في العصور الوسطى، 2 -الأفكار الاقتصادية في المرحلة الرأسمالية )منذ 1500 م(، الأفكار الاقتصادية في مرحلة الرأسمالية التجارية، الأفكار الاقتصادية في مرحلة الرأسمالية الصناعية ونشوء علم الاقتصاد، الأفكار الاقتصادية في مرحلة الرأسمالية الاحتكارية، الأفكار الاقتصادية في مرحلة العولمة: الافكار المشتركة للفكر الاقتصادي الليبرالي الجديد، الفكر الاقتصادي الناقد للعولمة. | ||
| 653 | _aالاقتصاد التاريخي | ||
| 653 | _aالاقتصاد- تاريخ | ||
| 710 |
_aجامعة الجزائر3: كلية العلوم الإقتصادية، العلوم التجارية وعلوم التسيير _eناشر علمي |
||
| 942 | _cHANDOUT | ||
| 999 |
_c41474 _d41474 |
||